<?xml version="1.0" encoding="UTF-8"?>
<record
    xmlns:xsi="http://www.w3.org/2001/XMLSchema-instance"
    xsi:schemaLocation="http://www.loc.gov/MARC21/slim http://www.loc.gov/standards/marcxml/schema/MARC21slim.xsd"
    xmlns="http://www.loc.gov/MARC21/slim">

  <leader>00620nam a22001817a 4500</leader>
  <controlfield tag="001">10070</controlfield>
  <controlfield tag="003">FISKH</controlfield>
  <controlfield tag="005">20260403111353.0</controlfield>
  <controlfield tag="008">260403b        cb ||||| |||| 00| 0 eng d</controlfield>
  <datafield tag="040" ind1=" " ind2=" ">
    <subfield code="a">FISKH</subfield>
    <subfield code="b">chi</subfield>
    <subfield code="c">FISKH</subfield>
    <subfield code="d">FISKH</subfield>
  </datafield>
  <datafield tag="082" ind1=" " ind2=" ">
    <subfield code="a">158.2</subfield>
  </datafield>
  <datafield tag="100" ind1=" " ind2=" ">
    <subfield code="a"> &#x4E25;&#x6B22;</subfield>
  </datafield>
  <datafield tag="245" ind1=" " ind2=" ">
    <subfield code="a">&#x7238;&#x7238;&#x7684;&#x661F;&#x661F; ( Daddy's star ) /</subfield>
    <subfield code="c"> &#x4E25;&#x6B22;</subfield>
  </datafield>
  <datafield tag="300" ind1=" " ind2=" ">
    <subfield code="a">23 pages : </subfield>
    <subfield code="b">color illustrations ;</subfield>
    <subfield code="c">23 cm .</subfield>
  </datafield>
  <datafield tag="520" ind1=" " ind2=" ">
    <subfield code="a">&#x8FD9;&#x672C;&#x4E66;&#x8BB2;&#x8FF0;&#x4E86;&#x5C0F;&#x718A;&#x548C;&#x7238;&#x7238;&#x4E4B;&#x95F4;&#x6E29;&#x6696;&#x7684;&#x4EB2;&#x60C5;&#x6545;&#x4E8B;&#x3002;&#x901A;&#x8FC7;&#x201C;&#x661F;&#x661F;&#x201D;&#x7684;&#x6BD4;&#x55BB;&#xFF0C;&#x8868;&#x8FBE;&#x4E86;&#x7236;&#x7231;&#x7684;&#x966A;&#x4F34;&#x4E0E;&#x5173;&#x6000;&#xFF0C;&#x8BA9;&#x5B69;&#x5B50;&#x611F;&#x53D7;&#x5230;&#x5BB6;&#x5EAD;&#x7684;&#x6E29;&#x6696;&#x4E0E;&#x7231;&#x3002;</subfield>
  </datafield>
  <datafield tag="942" ind1=" " ind2=" ">
    <subfield code="2">ddc</subfield>
    <subfield code="c">BOOK</subfield>
    <subfield code="n">0</subfield>
  </datafield>
  <datafield tag="999" ind1=" " ind2=" ">
    <subfield code="c">10070</subfield>
    <subfield code="d">10070</subfield>
  </datafield>
  <datafield tag="952" ind1=" " ind2=" ">
    <subfield code="0">0</subfield>
    <subfield code="1">0</subfield>
    <subfield code="2">ddc</subfield>
    <subfield code="4">0</subfield>
    <subfield code="7">0</subfield>
    <subfield code="8">REF</subfield>
    <subfield code="a">002</subfield>
    <subfield code="b">002</subfield>
    <subfield code="c">LSHTTP</subfield>
    <subfield code="d">2026-04-03</subfield>
    <subfield code="l">0</subfield>
    <subfield code="o">&#x4E25;&#x6B22; 158.2</subfield>
    <subfield code="p">2026-0451</subfield>
    <subfield code="r">2026-04-03 09:59:38</subfield>
    <subfield code="w">2026-04-03</subfield>
    <subfield code="y">BOOK</subfield>
  </datafield>
</record>
